00616 a2200193 4500020001500000040000800015082001000023100002300033245012800056250001200184260005100196300003500247490002800282500002000310650001800330650002800348700002400376700002200400 a0071350047 aDLC00a519.51 aSpiegel, Murray R.10aSchaums outline of theory and problems of probability and statistics cMurray R. Spiegel, Alu Srinivasan, John J. Schiller. a2nd ed. aIslamabad :bNational Book Foundation,cc2000. aviii, 408 p. :bill. ;c28 cm.0 aSchaum's outline series aIncludes index. 0aProbabilities 0aMathematical statistics1 aSrinivasan, R. Alu.1 aSchiller, John J.